| 000 | 00619nam a2200229 a 4500 | ||
|---|---|---|---|
| 005 | 20210219153013.0 | ||
| 008 | 991125n 000 0 spa u | ||
| 035 | _aUPN01000072549 | ||
| 100 | _aSANCHEZ CUELLAR, Inés | ||
| 222 | _aCUADERNOS DE PEDAGOGIA | ||
| 245 | _aUnos días en la granja | ||
| 300 | _a22-24 | ||
| 362 | _a1992 No. 202, abr. | ||
| 653 | 0 | _aACTIVIDADES RECREATIVAS | |
| 653 | 0 | _aAGRICULTURA | |
| 653 | 0 | _aEXCURSIONES ESCOLARES | |
| 653 | 0 | _aMEDIO RURAL | |
| 653 | 0 | _aTÉCNICAS DE ENSEÑANZA | |
| 700 | _aVARA MINAMBRES, M. Jesús, coaut. | ||
| 904 |
_aAC _b010360 |
||
| 905 | _aArticulo | ||
| 999 |
_c65978 _d65978 |
||